Teen Addiction : (Record no. 603348)

MARC details
000 -LEADER
fixed length control field 00464nam a2200181 a 4500
008 - FIXED-LENGTH DATA ELEMENTS--GENERAL INFORMATION
fixed length control field 251221s2007##################000#0#eng##
020 ## - INTERNATIONAL STANDARD BOOK NUMBER
ISBN 9780737732658
082 04 - DEWEY DECIMAL CLASSIFICATION NUMBER
Classification number 616.860
Item number KAR
100 1# - MAIN ENTRY--AUTHOR NAME
Personal name Karson, Jill,
245 10 - TITLE STATEMENT
Title Teen Addiction :
260 ## - PUBLICATION, DISTRIBUTION, ETC. (IMPRINT)
Name of publisher Greenhaven Publishing,
Year of publication 2007.
650 #0 - SUBJECT ADDED ENTRY--TOPICAL TERM
Topical Term Drug abuse.
942 ## - ADDED ENTRY ELEMENTS (KOHA)
Koha item type English Books
Holdings
Withdrawn status Lost status Damaged status Not for loan Home library Current library Shelving location Date acquired Full call number Accession Number Price effective from Koha item type
        Anna Centenary Library Anna Centenary Library 5TH FLOOR, B WING 21.12.2025 616.860 KAR 204338 21.12.2025 English Books

Find us on the map